Normal view
MARC view
- Hamidi ,Khlil Ahmed
Entry Personal Name
001 - CONTROL NUMBER
- control field: 110131
003 - CONTROL NUMBER IDENTIFIER
- control field: NUST
005 - DATE AND TIME OF LATEST TRANSACTION
- control field: 20230310104033.0
008 - FIXED-LENGTH DATA ELEMENTS
- fixed length control field: 230310|| aca||aabn | a|a d
040 ## - CATALOGING SOURCE
- Original cataloging agency: NUST
- Transcribing agency: NUST
100 ## - HEADING--PERSONAL NAME
- Personal name: Hamidi ,Khlil Ahmed
670 ## - SOURCE DATA FOUND
- Source citation: Work cat.: (NUST)187998: Hamidi ,Khlil Ahmed, Jehad -e-Islami /
